000 01842nam a2200517 i 4500
001 15306
003 KOSZ 005
005 20210806090840.0
008 200409s1973 pl a g 001 0 pol
015 _aUWD 1973/1622
035 _a991010587829705066
035 _a(PL-WaBN)b12886117-48omnis_nlop
035 _ab12886117
035 _a(OCoLC)830238806
035 _a(PL)b0000001288611
035 _a(EXLNZ-48OMNIS_NETWORK)9910266402305606
040 _aWA N
_cWA N
_dKOSZ 005/RW
_dKOSZ 005/HR
046 _k1973
080 _a94(438)
245 0 0 _aDzieje Ochoty /
_c[komitet redakcyjny Józef Kazimierski et al.].
260 _aWarszawa :
_bPaństwowe Wydawnictwo Naukowe,
_c1973.
300 _a658, [2] stron, [3] karty tablic :
_bilustracje, mapy, portrety ;
_c25 cm.
336 _aTekst
_btxt
_2rdacontent
337 _aBez urządzenia pośredniczącego
_bn
_2rdamedia
338 _aWolumin
_bnc
_2rdacarrier
380 _aKsiążki
380 _aPublikacje popularnonaukowe
388 _a1901-2000
388 _a1945-1989
490 1 _aVarsaviana
504 _aBibliografia na stronach [627]-635. Indeks.
650 7 _aMiasta
651 7 _aWarszawa (woj. mazowieckie)
_2DBN
651 7 _aOchota (Warszawa ; część miasta)
655 7 _aPraca zbiorowa
658 _aHistoria
700 1 _aKazimierski, Józef
_d(1925-2008)
_eRedakcja
700 1 _aKołodziejczyk, Ryszard
_d(1923- )
_eRedakcja
700 1 _aKormanowa, Żanna
_d(1900-1988)
_eRedakcja
700 1 _aRostkowska, Halina
_eRedakcja
710 2 _aPaństwowe Wydawnictwo Naukowe
_4pbl
830 0 _aVarsaviana
856 _uhttp://koha.tu.koszalin.pl/cgi-bin/koha/opac-detail.pl?biblionumber=15306
_yKatalog online BPK
942 _2UKD
_cKS
999 _c15306
_d15306